00862nam a2200229 a 4500001001000000003000400010005001700014008004100031040002500072082002000097100003600117245006600153260006900219300002100288490004900309490002800358500005200386504007300438650003600511830005300547830003200600000046019OSt20250210113909.0090929s1988 dr r 000 0 spa d aDO-SdBNPbspacBNPHU a341bA696f 19881 aArias, Luis,q(Arias Núñez)10aFundamentos de derecho internacional público /cLuis Arias. aSanto Domingo :bUniversidad Autónoma de Santo Domingo,c1988. a135 p. ;c21 cm.1 aUniversidad Autónoma de Santo Domingov2821 aDerecho y políticav2 aIncluye datos biográficos en la contraportada aIncluye referencias bibliográficas y notas al pie de las páginas 4aDerecho internacional público 0aUniversidad Autónoma de Santo Domingo, no. 282 0aDerecho y politíca, no. 2